A számlázás és a Szegedi Tudományegyetem számlakezelése

Elmentve itt :
Bibliográfiai részletek
Szerző: Koszta Alexandra
További közreműködők: Baloghné Hajdú Edit (Témavezető)
Dokumentumtípus: Szakdolgozat
Megjelent: 2017
Tárgyszavak:
Online Access:http://diploma.bibl.u-szeged.hu/80697
LEADER 00676nta a2200169 i 4500
001 dipl80697
005 20191111143132.0
008 191108s2017 hu om 0|| zxx d
040 |a SZTE Diploma Repozitórium  |b hun 
041 |a zxx 
100 1 |a Koszta Alexandra 
245 1 2 |a A számlázás és a Szegedi Tudományegyetem számlakezelése  |h [elektronikus dokumentum] /  |c Alexandra Koszta 
246 1 0 |a Invoicing and invoice management at the University of Szeged  |h [elektronikus dokumentum] 
260 |c 2017 
650 4 |a Gazdaságtudományok 
700 2 |a Baloghné Hajdú Edit  |e ths 
856 4 0 |u http://diploma.bibl.u-szeged.hu/id/eprint/80697/1/2017_koszta_alexandra.pdf  |z Dokumentum-elérés